Home Nations Series Snooker Champions Quiz - Statistics

General Stats
  • This quiz has been taken 276 times
    62 since last reset
  • The average score is 14 of 19
Answer Stats
Answer % Correct
Neil Robertson
98%
Ronnie O'Sullivan
98%
John Higgins
96%
Judd Trump
96%
Mark Williams
96%
Mark Selby
94%
Mark Allen
90%
Kyren Wilson
86%
Shaun Murphy
84%
Gary Wilson
82%
Stuart Bingham
82%
Lei Peifan
71%
Luca Brecel
71%
Marco Fu
51%
Joe Perry
49%
Liang Wenbo
43%
Mark King
39%
Robert Milkins
37%
Jordan Brown
29%
No matching quizzes found
Score Distribution
Percent of People with Each Score
Percentile by Number Answered
Your Score History
You have not taken this quiz since the last reset